Every European GP winner - Statistics

General Stats
  • This quiz has been taken 8 times
  • The average score is 22 of 23
Answer Stats
Hint Track Answer % Correct
1984 Nürburgring Alain Prost
100%
1993 Donington Park Ayrton Senna
100%
2008 Valencia Felipe Massa
100%
2005 Nürburgring Fernando Alonso
100%
2007 Nürburgring Fernando Alonso
100%
2012 Valencia Fernando Alonso
100%
1996 Nürburgring Jacques Villeneuve
100%
1994 Jerez Michael Schumacher
100%
1995 Nürburgring Michael Schumacher
100%
2000 Nürburgring Michael Schumacher
100%
2001 Nürburgring Michael Schumacher
100%
2004 Nürburgring Michael Schumacher
100%
2006 Nürburgring Michael Schumacher
100%
1997 Jerez Mika Häkkinen
100%
2016 Baku Nico Rosberg
100%
1985 Brands Hatch Nigel Mansell
100%
2003 Nürburgring Ralf Schumacher
100%
2002 Nürburgring Rubens Barrichello
100%
2009 Valencia Rubens Barrichello
100%
2010 Valencia Sebastian Vettel
100%
2011 Valencia Sebastian Vettel
100%
1983 Brands Hatch Nelson Piquet Sr.
86%
1999 Nürburgring Johnny Herbert
57%
No matching quizzes found
Score Distribution
Percent of People with Each Score
Percentile by Number Answered
Your Score History
You have not taken this quiz